00533nam a2200133 a 4500008004100000050002200041100002900063245014300092260003900235300003400274650003600308650002600344650002900370220301s2019 ||||||||||||||||| || u aCBU-PG THESIS/KAP aKapinga, Shadreck Mukuni10aFactors affecting acceptance and use of GeoGebra software in Mathematics education: a case of Lukulu districtcBy Shadreck Mukuni Kapinga  aKitwebCopperbelt Universityc2019 a x, 92 pages : illustrations  aGEOGEBRA SOFTWARE - MATHEMATICS aMATHEMATICS EDUCATION aUSE OF ICT - MATHEMATICS